MARC

LEADER 00000nam0a2200000 4500
001 369825
005 20231102012224.0
035 |a (RuTPU)RU\TPU\retro\27232 
090 |a 369825 
100 |a 20220606d1980 km y0rusy50 ca 
101 0 |a rus 
102 |a RU 
105 |a y z 001zy 
200 1 |a Разыскания по общему и китайскому языкознанию  |f Академия наук СССР, Институт востоковедения ; отв. ред. С. Е. Яхонтов 
210 |a Москва  |c Наука  |d 1980 
215 |a 224 с. 
320 |a Библиогр. в конце ст. 
606 1 |a Языкознание  |2 stltpush  |3 (RuTPU)RU\TPU\subj\21804  |9 46739 
606 1 |a Китайский язык  |2 stltpush  |3 (RuTPU)RU\TPU\subj\14450  |9 40833 
610 1 |a Юго-Восточная Азия 
610 1 |a фонетика 
610 1 |a грамматика 
610 1 |a история 
610 1 |a дунгановедение 
610 1 |a тангутоведение 
686 |a Ш1  |v LBC/SL-A  |2 rubbk 
686 |a Ш171.11  |v LBC/SL-A  |2 rubbk 
702 1 |a Яхонтов  |b С. Е.  |4 340 
712 0 2 |a Академия наук СССР  |b Институт востоковедения  |c (Москва)  |2 stltpush  |3 (RuTPU)RU\TPU\col\11263  |9 25002 
801 1 |a RU  |b 63413507  |c 20220606 
942 |c BK